LEADER 01568nam0 22004213i 450 001 RAV0672691 005 20251003044329.0 010 $a8815076123 020 $aIT$b2001-11255 100 $a20000615d2000 ||||0itac50 ba 101 | $aita 102 $ait 181 1$6z01$ai $bxxxe 182 1$6z01$an 183 1$6z01$anc$2RDAcarrier 200 1 $aˆIl ‰governo dell'Europa$fSandro Gozi 210 $aBologna$cIl mulino$d[2000] 215 $a223 p.$d21 cm 225 | $aUniversale paperbacks Il mulino$v384 410 0$1001CFI0000033$12001 $aUniversale paperbacks Il mulino$v384 606 $aUnione europea$xOrdinamento$2FIR$3CFIC070907$9E 676 $a327.1$9$v12 676 $a341.2422$9COMUNITA ECONOMICA EUROPEA (MERCATO COMUNE EUROPEO)$v19 676 $a341.2422$9Comunita economica europea$v20 676 $a341.2422$9DIRITTO INTERNAZIONALE. UNIONE EUROPEA$v21 676 $a341.2424$9UNIONE EUROPEA. PARLAMENTO EUROPEO$v21 696 $aOrdinamento giuridico 699 $aOrdinamento$zOrdinamento giuridico 700 1$aGozi$b, Sandro$3BVEV014735$4070$0254426 801 3$aIT$bIT-000000$c20000615 850 $aIT-BN0095 $aIT-SA0112 901 $bNAP 01$cD $n$ 901 $bNAP 84$cBIBLIOTECA$n$ 912 $aRAV0672691 950 0$aBiblioteca Centralizzata di Ateneo$c1 v.$d 01D (AR) 31 296$e 01AR 0700312965 VMA 1 v.$fY $h20131009$i20131009 977 $a 01$a 84 996 $aGoverno dell'Europa$966281 997 $aUNISANNIO